Word Ladder: Many, Many Light Years Away Quiz Stats

 Plays Quiz Updated Mar 2, 2016

Challenge
Share
Tweet
Embed
Score 0/24 Timer 03:00
0 Plays Today
Clue 3-Letter Word % Correct
Song: 'You ____ My Sunshine'ARE
97.5%
Digit on a footTOE
96.5%
Stick used in baseballBAT
96.4%
EnemyFOE
96%
Feminine pronounSHE
95.8%
Parents' male childSON
95.1%
Abbreviation for common type of simple sandwich involving baconBLT
94.9%
Garfunkel or Linkletter, e. g. ART
93.1%
Type of bread or whiskeyRYE
93.1%
Computer keyALT
92.2%
Idiom meaning a great distance: As ____ as [rung 6] + [rung 11] + [rung 19] + [rung 24]● FAR ●
91.8%
ProhibitBAN
91.8%
Clue 3-Letter Word % Correct
Common type of evergreenFIR
90.9%
Idiom meaning a great distance: As [rung 1] as ____ + [rung 11] + [rung 19] + [rung 24]● THE ●
90.3%
Scatter seed to for cropsSOW
89.7%
Johnny Cash song: 'A Boy Named ___'SUE
89.2%
Stitch; basteSEW
87.8%
To bitterly regretRUE
86.6%
Convict (slang)CON
86.5%
Word used to express disgustFIE
85.9%
Idiom meaning a great distance: As [rung 1] as + [rung 6] + [rung 11] + ____ + [rung 24]● CAN ●
85.3%
Before, poeticallyERE
84.3%
Idiom meaning a great distance: As [rung 1] as + [rung 6] + ____ + [rung 19] + [rung 24]● EYE ●
82.8%
Idiom meaning a great distance: As [rung 1] as + [rung 6] + [rung 11] + [rung 19] + ____● SEE ●
81.4%

Today's Daily Dose

You're not logged in!

Compare scores with friends on all Sporcle quizzes.
Join for Free
OR
Log In

You Might Also Like...

Show Comments

Extras

Top Quizzes Today


Score Distribution

Your Account Isn't Verified!

In order to create a playlist on Sporcle, you need to verify the email address you used during registration. Go to your Sporcle Settings to finish the process.

Report this User

Report this user for behavior that violates our Community Guidelines.

Details: